Which City Is Not In That Country? - Statistics

General Stats
  • This quiz has been taken 92 times
  • The average score is 14 of 15
Answer Stats
Question Answer % Correct
Saudi Arabia Baghdad
100%
Mexico Belmopan
100%
Germany Copenhagen
100%
United Kingdom Dublin
100%
India Islamabad
100%
South Africa Maseru
100%
Egypt Medina
100%
Italy Nice
100%
Brazil Porto
100%
Japan Taipei
100%
United States of America Belfast
75%
China Pyongyang
75%
Spain Tangiers
75%
Australia Wellington
75%
Canada Anchorage
50%
No matching quizzes found
Score Distribution
Percent of People with Each Score
Percentile by Number Answered
Your Score History
You have not taken this quiz